000
00298 a2200121 4500
000
nam a22 7a 4500
005
20260211145316.0
020
_a
9788197802201
100
_a
Dr. Jagdish Prasad Singh
_9
1115233
245
_a
Shankh-Nad
260
_b
Radhakrishna Prakashan
_c
2024
942
_c
TEXL
999
_c
1679326
_d
1679326